phobias - Statistics

General Stats
  • This quiz has been taken 15 times
  • The average score is 4 of 15
Answer Stats
Hint Answer % Correct
close spaces claustrophobia
82%
hights acrophobia
64%
water hydrophobia
64%
death necrophobia
55%
fear of blood hemophobia
45%
spiders aracnophobia
27%
fear of dogs cynophobia
18%
fear of dentists dentophobia
18%
fear of long words(good luck) Hippopotomonstrosesquipedaliophobia
18%
fear of the dark nyctophobia
18%
fear of airplanes aerophobia
9%
failure atychiphobia
9%
fear of reptiles herpetophobia
9%
fear of difficult escape agarophobia
0%
fear of lightning astraphobia
0%
No matching quizzes found
Score Distribution
Percent of People with Each Score
Percentile by Number Answered
Your Score History
You have not taken this quiz